LEADER 01262nam a2200301 i 4500 001 000000060982 003 CaOOAMICUS 005 20081113000000.0 008 081113s1998 it u000 u ita u 013 $a32154 020 $a88-16-40460-4 040 $aSeMil$bita 100 1 $aRicoeur, Paul,$d<1913-2005>.$0(OLS)http://semarc/name/675 240 10$aRéflexion faite.$0(OLS)http://semarc/title/95707 245 10$aRiflession fatta :$bautobiografia intellettuale /$cPaul Ricoeur. 250 $aEdizione italiana. 260 $aMilano :$bJaca Book,$c1998. 300 $a131 p. ;$c24 cm. 490 0 $aDi fronte e attraverso ;$v460 650 4$aRicoeur, Paul <1913-2005> - Pensiero filosofico.$0(OLS)http://semarc/subject/3181 700 1 $aIannotta, Daniella.$0(OLS)http://semarc/name/11833 830 0$aDi fronte e attraverso ;$v460.$0(OLS)http://semarc/title/6486 850 $aSeMil 852 $aSeMil$W1$xVenegono$y1$m2P VII 548$j256633$B27135$CSeMilBibl$Z2$F27138 $81 961 $aAcquisto: Distributore 996 $6020$a88-16-40460-4$9(OLS)http://semarc/number/37175 996 $6245$aRiflession fatta :$bautobiografia intellettuale$9(OLS)http://semarc/title/95706 996 $6260$aMilano :$bJaca Book$9(OLS)http://semarc/publisher/29781 LEADER 01163nam a2200253 i 4500 001 000000072406 003 CaOOAMICUS 005 20090320000000.0 008 090320s1973 gw u000 u ger u 013 $a43578 020 $a3445009716 040 $aSeMil$bita 100 1 $aFiebig, Hans.$0(OLS)http://semarc/name/35850 245 10$aErkenntnis und technische Erzeugung :$bHobbes' operationale Philosophie der Wissenschaft /$cHans Fiebig. 260 $aMeisenheim am Glan :$bA. Hain,$c1973. 300 $aXIII, 166 p. ;$c23 cm. 490 0 $aMonographien zur Naturphilosophie ;$v14 650 4$aHobbes, Thomas <1588-1679> - Pensiero filosofico.$0(OLS)http://semarc/subject/5061 830 0$aMonographien zur Naturphilosophie ;$v14.$0(OLS)http://semarc/title/27661 850 $aSeMil 852 $aSeMil$W1$xVenegono$y1$m2Q I 243$j38559$B38559$CSeMilBibl$Z2$F38562 $81 996 $6020$a3445009716$9(OLS)http://semarc/number/51730 996 $6245$aErkenntnis und technische Erzeugung :$bHobbes' operationale Philosophie der Wissenschaft$9(OLS)http://semarc/title/116704 996 $6260$aMeisenheim am Glan :$bA. Hain$9(OLS)http://semarc/publisher/33869